000 00347cam a2200133ua 4500
041 _aeng
_h
100 _aBakhetia, D.R.C .
245 _aIdentification and Management stratigies infects pests of Rapeseeds and Mustrard
260 _a :
_bFarm Information Unit ,
_c1997.
300 _a ; .
504 _a
942 _cBK
999 _c12956
_d12956